|
|
|
|
| LEADER |
00000nam0a2200000 4500 |
| 001 |
313736 |
| 005 |
20231102002616.0 |
| 020 |
|
|
|a RU
|b 82-53349
|
| 035 |
|
|
|a (RuTPU)RU\TPU\book\339121
|
| 090 |
|
|
|a 313736
|
| 100 |
|
|
|a 20160202d1982 km y0rusy5003 ca
|
| 101 |
0 |
|
|a rus
|
| 102 |
|
|
|a RU
|
| 105 |
|
|
|a y z 000zy
|
| 200 |
1 |
|
|a ...Прирастать будет Сибирью
|f М. А. Лаврентьев
|
| 205 |
|
|
|a 2-е изд.
|
| 210 |
|
|
|a Москва
|c Молодая гвардия
|d 1982
|
| 215 |
|
|
|a 175 с.
|
| 225 |
1 |
|
|a Эврика
|
| 606 |
1 |
|
|a Академия наук СССР
|x СО АН СССР
|2 stltpush
|3 (RuTPU)RU\TPU\subj\1609
|9 30349
|
| 610 |
1 |
|
|a наука
|
| 610 |
1 |
|
|a Сибирь
|
| 610 |
1 |
|
|a академическая наука
|
| 610 |
1 |
|
|a академические институты
|
| 610 |
1 |
|
|a история
|
| 610 |
1 |
|
|a создание
|
| 610 |
1 |
|
|a 20 век
|
| 686 |
|
|
|a Ч214(2)71
|2 rubbk
|
| 700 |
|
1 |
|a Лаврентьев
|b М. А.
|g Михаил Алексеевич
|4 070
|
| 801 |
|
0 |
|a RU
|b RuMRKP
|c 19950704
|g psbo
|
| 801 |
|
1 |
|a RU
|b 63413507
|c 20160202
|
| 801 |
|
2 |
|a RU
|b 63413507
|c 20191122
|g RCR
|
| 942 |
|
|
|c BK
|